Computers, phones, and the Internet : (Record no. 20340)
[ view plain ]
| 000 -LEADER | |
|---|---|
| fixed length control field | 03189cam a22002895a 4500 |
| 001 - CONTROL NUMBER | |
| control field | 14281630 |
| 005 - DATE AND TIME OF LATEST TRANSACTION | |
| control field | 20160210142057.0 |
| 008 - FIXED-LENGTH DATA ELEMENTS--GENERAL INFORMATION | |
| fixed length control field | 060301t2006 enka frb f001 0 eng d |
| 020 ## - INTERNATIONAL STANDARD BOOK NUMBER | |
| International Standard Book Number | 9780195179637 |
| 040 ## - CATALOGING SOURCE | |
| Original cataloging agency | DLC |
| Language of cataloging | eng |
| Transcribing agency | DLC |
| Modifying agency | BAKER |
| -- | C#P |
| -- | PMC |
| -- | DLC |
| -- | EG-ScBUE |
| -- | EG-ScBUE |
| 082 04 - DEWEY DECIMAL CLASSIFICATION NUMBER | |
| Classification number | 303.4833 |
| Item number | COM |
| Edition number | 22 |
| 245 00 - TITLE STATEMENT | |
| Title | Computers, phones, and the Internet : |
| Remainder of title | domesticating information technology / |
| Statement of responsibility, etc | edited by Robert Kraut, Malcolm Brynin, Sara Kiesler. |
| 260 ## - PUBLICATION, DISTRIBUTION, ETC. (IMPRINT) | |
| Place of publication, distribution, etc | Oxford ; |
| -- | New York : |
| Name of publisher, distributor, etc | Oxford University Press, |
| Date of publication, distribution, etc | c.2006. |
| 300 ## - PHYSICAL DESCRIPTION | |
| Extent | xiii, 326 p. : |
| Other physical details | ill. ; |
| Dimensions | 26 cm. |
| 490 0# - SERIES STATEMENT | |
| Series statement | series in human-technology interaction ; |
| Volume number/sequential designation | 2 |
| 504 ## - BIBLIOGRAPHY, ETC. NOTE | |
| Bibliography, etc | Includes bibliographical references and indexes. |
| 505 0# - FORMATTED CONTENTS NOTE | |
| Formatted contents note | Social studies of domestic information and communication technologies / Malcom Brynin and Robert Kraut -- Portraits of American internet use : findings from the Pew Internet and American Life Project / John B. Horrigan -- Passing by and passing through / Ben Anderson -- Older people and new technologies / Yoel Raban and Malcom Brynin -- Information technology and family time displacement / John P. Robinson and Jos De Haan -- Examining the impact of internet use on TV viewing : details make a difference / Robert Kraut ... [et al.] -- The neutered computer / Malcom Brynin -- The consumption junction revisited : networks and contexts / Maria Bakardjieva -- Designing the family portal for home networking / Alladi Venkatesh, Steven Chen, and Victor M. Gonzalez -- Children's privacy online : experimenting with boundaries within and beyond the family / Sonia Livingstone -- Children's home internet use : antecedents and psychological, social, and academic consequences / Linda A. Jackson ... [et al.] -- Social and civic participation in a community network / John M. Carroll ... [et al.] -- Teens on the internet : interpersonal connection, identity, and information / Patricia M. Greenfield ... [et al.] -- Teenage communication in the instant messaging era / Bonka Boneva ... [et al.] -- Control, emancipation, and status : the mobile telephone in teens' parental and peer relationships / Rich Ling and Brigitte Yttri -- Intimate connections : contextualizing Japanese youth and mobile messaging / Mizuko Ito and Daisuke Okabe -- The Internet and social interaction : a meta-analysis and critique of studies, 1995-2003 / Irina Shklovski, Sara Kiesler, and Robert Kraut -- Communication technology and friendship during the transition from high school to college / Jonathon N. Cummings, John B. Lee, and Robert Kraut -- Considering the interactions : the effects of the internet on self and society / Katelyn Y.A. McKenna and Gwendolyn Seidman -- Rhythms and ties : toward a pragmatics of technologically mediated sociability / Christian Licoppe and Zbigniew Smoreda. |
| 650 #7 - SUBJECT ADDED ENTRY--TOPICAL TERM | |
| Topical term or geographic name as entry element | Information society. |
| Source of heading or term | BUEsh |
| 9 (RLIN) | 37393 |
| 650 #7 - SUBJECT ADDED ENTRY--TOPICAL TERM | |
| Topical term or geographic name as entry element | Information technology |
| General subdivision | Social aspects. |
| Source of heading or term | BUEsh |
| 9 (RLIN) | 37778 |
| 650 #0 - SUBJECT ADDED ENTRY--TOPICAL TERM | |
| Topical term or geographic name as entry element | Technological innovations |
| General subdivision | Social aspects. |
| Source of heading or term | BUEsh |
| 651 ## - SUBJECT ADDED ENTRY--GEOGRAPHIC NAME | |
| Source of heading or term | BUEsh |
| 653 ## - INDEX TERM--UNCONTROLLED | |
| Resource For college | Communication and mass media |
| Arrived date list | July2015 |
| -- | February2016 |
| 700 1# - ADDED ENTRY--PERSONAL NAME | |
| Personal name | Kraut, Robert E. |
| Relator term | editor. |
| 700 1# - ADDED ENTRY--PERSONAL NAME | |
| Personal name | Brynin, Malcolm, |
| Relator term | editor. |
| 700 1# - ADDED ENTRY--PERSONAL NAME | |
| Personal name | Kiesler, Sara, |
| Dates associated with a name | 1940- |
| Relator term | editor. |
| 942 ## - ADDED ENTRY ELEMENTS (KOHA) | |
| Source of classification or shelving scheme | Dewey Decimal Classification |
| Withdrawn status | Lost status | Source of classification or shelving scheme | Damaged status | Not for loan | Koha collection | Home library | Current library | Shelving location | Date acquired | Source of acquisition | Cost, normal purchase price | Serial Enumeration / chronology | Total Checkouts | Total Renewals | Full call number | Barcode | Date last seen | Date last borrowed | Cost, replacement price | Koha item type |
|---|---|---|---|---|---|---|---|---|---|---|---|---|---|---|---|---|---|---|---|---|
| Dewey Decimal Classification | Baccah | Central Library | Central Library | First floor | 09/07/2015 | Purchase | 600.00 | 21782 | 1 | 1 | 303.4833 COM | 000039537 | 15/07/2025 | 28/11/2019 | 750.00 | Book - Borrowing |